MARC

LEADER 00000nam0a2200000 4500
001 364269
005 20231102011654.0
035 |a (RuTPU)RU\TPU\retro\21627 
090 |a 364269 
100 |a 20211111d1981 km y0rusy50 ca 
101 1 |a rus  |c eng 
102 |a RU 
105 |a a z 000zy 
200 1 |a Программы в помощь изучающим теорию линейных систем управления  |e пер. с англ.  |f Дж. Л. Мнлса, СТ. К. Джонс  |g пер. В. М. Герасимова 
210 |a Москва  |c Машиностроение  |d 1981 
215 |a 200 с.  |c ил. 
606 1 |a Автоматические системы управления линейные  |2 stltpush  |3 (RuTPU)RU\TPU\subj\877  |9 29683 
610 1 |a программы 
610 1 |a информация 
610 1 |a ввод 
610 1 |a заданные параметры 
610 1 |a пространства 
610 1 |a состояния 
610 1 |a передаточные функции 
610 1 |a проектирование 
675 |a 681.511.2  |v 4 
700 1 |a Мнлса  |b Дж. Л. 
701 1 |a Джонс  |b СТ. К. 
702 1 |a Герасимов  |b В. М.  |4 730 
801 1 |a RU  |b 63413507  |c 20211111 
942 |c BK